| 000 | 01060nas a2200349 4500 | ||
|---|---|---|---|
| 001 | BR7200649 | ||
| 003 | BR-BrBNA | ||
| 005 | 20231205082355.0 | ||
| 007 | ta | ||
| 008 | 230509b bl.|||p| |||| 00| 00por d | ||
| 040 |
_aBR-BrBNA _bpor _cBiblioteca Nacional de Agricultura |
||
| 041 | _a(Pt) | ||
| 072 | _aE10 | ||
| 100 | 1 | _aMonteiro, O.S. | |
| 110 | 1 |
_aBanco de Desenvolvimento do Parana S.A., Curitiba (Brasil) _91089 |
|
| 245 | 1 | _aAlguns aspectos da economia paranaense e o comportamento de sua renda interna [cafe, algodao, soja, milho, feijao, trigo, menta, batata, Brasil] | |
| 650 | _aRENDA | ||
| 650 | _aANALISE ECONOMICA | ||
| 650 | _aINDUSTRIALIZACAO | ||
| 650 | _aCAFE | ||
| 650 | _aALGODAO | ||
| 650 | _aSOJA | ||
| 650 | _aMILHO | ||
| 650 | _aFEIJAO | ||
| 650 | _aTRIGO | ||
| 650 | _aMENTA | ||
| 650 | _aBATATA | ||
| 650 | _aPARANÁ | ||
| 773 | 0 |
_tRevista Paranaense de Desenvolvimento (Brazil) _xISSN 0556-6916 _g(May 1972), (no. 30) p. 49-91 _wBR7200649 |
|
| 909 |
_a202311 _bLúcia _c55 _dLúcia Elande |
||
| 942 |
_2AGRIS _n0 _cANA |
||
| 999 |
_c91284 _d91284 |
||